Jak privatizuje Polsko.
Prevod štátneho majetku do rúk subjektov ako kľúčová požiadavka vo všetkých programoch poľských vlád od r. 1989. História privatizácie v Poľsku. Výhody a nevýhody privatizačnej ofenzívy v r. 1991. Problematika reštitúcií. Tri najproblematickejšie oblasti v Poľsku: reprivatizácia, odvetvový prístup k...
Na minha lista:
| Autor principal: | |
|---|---|
| Formato: | Capítulo de Livro |
| Idioma: | tcheco |
| Assuntos: | |
| Tags: |
Sem tags, seja o primeiro a adicionar uma tag!
|
MARC
| LEADER | 00000naa a2200000 4500 | ||
|---|---|---|---|
| 001 | r010386 | ||
| 005 | 20220831085208.3 | ||
| 041 | 0 | |a cze | |
| 044 | |a [CS] | ||
| 245 | 1 | 0 | |a Jak privatizuje Polsko. |c Luděk Urban |
| 520 | |a Prevod štátneho majetku do rúk subjektov ako kľúčová požiadavka vo všetkých programoch poľských vlád od r. 1989. História privatizácie v Poľsku. Výhody a nevýhody privatizačnej ofenzívy v r. 1991. Problematika reštitúcií. Tri najproblematickejšie oblasti v Poľsku: reprivatizácia, odvetvový prístup k privatizácii, všeobecná privatizácia. | ||
| 610 | 2 | 0 | |a privatizácia |
| 610 | 2 | 0 | |a PR |
| 610 | 2 | 0 | |a programy vládne |
| 610 | 2 | 0 | |a 1989-1992 |
| 610 | 2 | 0 | |a náhrada škody |
| 610 | 2 | 0 | |a reprivatizácia |
| 100 | 1 | |a Urban, Luděk | |